Hegel, Marx, and dialectic : (Record no. 82829)

MARC details
000 -LEADER
fixed length control field 00996nam a2200325 a 4500
001 - CONTROL NUMBER
control field vtls000078039
003 - CONTROL NUMBER IDENTIFIER
control field NLI
005 - DATE AND TIME OF LATEST TRANSACTION
control field 20210601194048.0
008 - FIXED-LENGTH DATA ELEMENTS--GENERAL INFORMATION
fixed length control field 101125s1980 enka 001 0 eng
020 ## - INTERNATIONAL STANDARD BOOK NUMBER
International Standard Book Number 0855278560 :
Terms of availability PND 18.50
039 #9 - LEVEL OF BIBLIOGRAPHIC CONTROL AND CODING DETAIL [OBSOLETE]
-- 201011250823
-- VLOAD
040 0# - CATALOGING SOURCE
Original cataloging agency NLI
Language of cataloging eng
Transcribing agency Entertech-2003
Description conventions AACR2
041 0# - LANGUAGE CODE
Language code of text/sound track or separate title eng
044 ## - COUNTRY OF PUBLISHING/PRODUCING ENTITY CODE
MARC country code enk
082 04 - DEWEY DECIMAL CLASSIFICATION NUMBER
Classification number 146.3
100 1# - MAIN ENTRY--PERSONAL NAME
Personal name Norman, Richard
9 (RLIN) 177640
245 10 - TITLE STATEMENT
Title Hegel, Marx, and dialectic :
Remainder of title a debate /
Statement of responsibility, etc. Richard Norman and Sean Sayers
260 ## - PUBLICATION, DISTRIBUTION, ETC.
Place of publication, distribution, etc. Sussex :
Name of publisher, distributor, etc. Harvester Press,
Date of publication, distribution, etc. c1980
300 ## - PHYSICAL DESCRIPTION
Extent viii, 188 p. :
Other physical details ill. ;
Dimensions 22 cm.
440 #0 - SERIES STATEMENT/ADDED ENTRY--TITLE
Title Harvester philosophy now ;
Volume/sequential designation v. 10
9 (RLIN) 183011
504 ## - BIBLIOGRAPHY, ETC. NOTE
Bibliography, etc. note Includes bibliographical references and index
650 #0 - SUBJECT ADDED ENTRY--TOPICAL TERM
Topical term or geographic name entry element Dialectic
9 (RLIN) 175720
650 #0 - SUBJECT ADDED ENTRY--TOPICAL TERM
Topical term or geographic name entry element Philosophy
9 (RLIN) 160
700 1# - ADDED ENTRY--PERSONAL NAME
Personal name Sayers, Sean,
Relationship jt.aut
9 (RLIN) 183012
887 ## - NON-MARC INFORMATION FIELD
Content of non-MARC field
901 ## - LOCAL DATA ELEMENT A, LDA (RLIN)
a 473485
b 01.06.1982
902 ## - LOCAL DATA ELEMENT B, LDB (RLIN)
a E146.3 N787
949 ## - LOCAL PROCESSING INFORMATION (OCLC)
-- VIRTUAITEM
-- 10000
-- 100
6 PUR000473485ENG
942 ## - ADDED ENTRY ELEMENTS (KOHA)
Source of classification or shelving scheme Dewey Decimal Classification
Koha item type Books
Holdings
Withdrawn status Lost status Damaged status Not for loan Collection code Home library Current library Shelving location Date acquired Total Checkouts Full call number Barcode Date last seen Price effective from Koha item type
        New English National Library of India National Library of India New English - Main Stack Division     E146.3 N787 PUR000473485ENG 01/06/2021 01/06/2021 Books
                                                                           
web counter

Copyright ©2020 The National Library of India, Govt. of India ↔ Hosted by NVLI, MOC ↔ Technology and Design by National Library of India, Ministry of Culture, Govt. of India